Word Ladder: G'day! Quiz Stats

 Plays Quiz Updated Jul 28, 2017

Support Sporcle.
Go Orange.
Score 0/42 Timer 05:00
0 Plays Today
Hint Word % Correct
Lose footing on iceSLIP
98.3%
Strike with open handSLAP
98%
❦ Large ocean-going vessel ❦SHIP
96.6%
52 playing cardsDECK
95.5%
❦ Participate in a game ❦PLAY
95.4%
Cowboy shoeBOOT
95.1%
Web-footed quackerDUCK
94.4%
Bound reading matterBOOK
93.3%
Kill in a violent mannerSLAY
92.6%
Distribute playing cardsDEAL
90.5%
❦ Athletic squad ❦TEAM
90.1%
❦ Aid, assistance ❦HELP
89.8%
Dark greenish-blue colorTEAL
88.7%
Cemetery sectionPLOT
88.6%
Cunning tacticPLOY
87.9%
Fragrant flowerROSE
87.3%
500 sheets of paperREAM
87.2%
Stamped wax on a documentSEAL
87.1%
Plunge into fluidDUNK
86.9%
❦ Narrow shelflike bed or berth ❦BUNK
86.6%
Supremes lead singer, DianaROSS
86.3%
Hint Word % Correct
Sound of head being hitBONK
86.2%
Genuine, bona fideREAL
85.9%
Rorschach test objectBLOT
85.8%
Untidy pileHEAP
85.2%
Cold cut storeDELI
84.8%
Wander aimlesslyROAM
83.9%
❦ Hotel subdivision ❦ROOM
83.8%
Rotary phone circleDIAL
83.4%
❦ Metric system prefix ❦DECI-
82.8%
Cut and gather a cropREAP
82.7%
Large, hopping marsupials (abbrev.)ROOS
81.5%
Young horseFOAL
79.9%
Boston lead singer BradDELP
77%
Violate rules of playFOUL
76.9%
❦ Omani currency ❦RIAL
76.3%
Faithful, loyal (archaic)FEAL
74.1%
❦ Immaterial part of a person ❦SOUL
71.9%
Dirty pond (Brit.)SOAL
66.6%
Habitual repetition ROTE
61.1%
Fixed price for servicesRATE
59.8%
❦❦ COMMON BOND ❦❦MATE
45%

Today's Daily Dose

You're not logged in!

Compare scores with friends on all Sporcle quizzes.
OR
Log In
Forgot?

From the Vault

Silver Sluggers (Second Base)

by Frosty

After winning the Silver Slugger it is important not to use that big silver bat for batting practice.
Remove Ads.
Support Sporcle.
Get the best of Sporcle when you Go Orange. This ad-free experience offers more features, more stats, and more fun while also helping to support Sporcle. Thank you for becoming a member.

Show Comments

Extras

Top Quizzes Today


Score Distribution

Your Account Isn't Verified!

In order to create a playlist on Sporcle, you need to verify the email address you used during registration. Go to your Sporcle Settings to finish the process.

Report this User

Report this user for behavior that violates our Community Guidelines.

Details: